Reprodukcia obyvateľstva Slovenska počas druhej svetovej vojny

Pokračovanie príspevku z predchádzajúceho čísla. Sčítanie ľudu z 15. decembra 1940.

Gespeichert in:
Bibliographische Detailangaben
1. Verfasser: Šprocha, Branislav
Format: Buchkapitel
Sprache:Slowakisch
Schlagworte:
Tags: Tag hinzufügen
Keine Tags, Fügen Sie das erste Tag hinzu!

MARC

LEADER 00000naa a2200000 4500
001 0211173
005 20220728114618.2
041 0 |a slo 
044 |a SK 
245 1 0 |a Reprodukcia obyvateľstva Slovenska počas druhej svetovej vojny  |c Branislav Šprocha 
520 |a Pokračovanie príspevku z predchádzajúceho čísla. Sčítanie ľudu z 15. decembra 1940. 
610 2 0 |a Slovensko 
610 2 0 |a vývoj populačný 
610 2 0 |a dejiny 
610 2 0 |a vojny 
610 2 0 |a sčítanie ľudu 
100 1 |a Šprocha, Branislav